| 000 | 01174nam a22003497a 4500 | ||
|---|---|---|---|
| 003 | CHAP | ||
| 005 | 20220329134335.0 | ||
| 008 | 971013s1981 r 00010 d | ||
| 010 | _a19030 | ||
| 011 | _a20002 | ||
| 035 | _a24089 | ||
| 040 | _cCHAP | ||
| 090 | _aTesis | ||
| 100 | 0 | 0 |
_aAlvarez Rivero, Julio César. _94974 |
| 245 | _aRespuesta de los productores de maíz a la política de precios | ||
| 260 |
_aChapingo, Méx., : _bEl autor, _c1981 |
||
| 300 | _a118 h | ||
| 502 | _aTesis (Ing. Agr. Esp. en Economía Agrícola) -- UACH. Departamento de Economía Agrícola | ||
| 590 |
_aALEPH _b10 _c20130110 _lUCH01 _h1242 |
||
| 590 |
_aBATCH-UPD _b10 _c20130110 _lUCH01 _h0009 |
||
| 590 |
_aBATCH-UPD _b10 _c20130110 _lUCH01 _h1723 |
||
| 590 |
_aBATCH-UPD _b10 _c20130409 _lUCH01 _h1945 |
||
| 590 |
_aBATCH-UPD _b10 _c20130410 _lUCH01 _h1106 |
||
| 590 |
_aBATCH-UPD _b10 _c20130914 _lUCH01 _h0258 |
||
| 590 |
_aCONVERSION _b10 _c20130109 _lUCH01 _h1312 |
||
| 650 | 1 | 4 |
_aMaíz _xAspectos económicos. _970865 |
| 650 | 1 | 4 |
_aMaíz _xPrecios. _971039 |
| 901 | _aBK | ||
| 942 | _cFOLL | ||
| 949 |
_bBC _cTES _d-55697 _eTS1 _i24089 _si |
||
| 949 |
_bBC _cTES _d-55698 _eTS2 _fc.2 _i24089 _si |
||
| 999 |
_c19030 _d19030 |
||